| 000 | 01620nam a2200265Ia 4500 | ||
|---|---|---|---|
| 999 |
_c38515 _d38515 |
||
| 001 | 4616 | ||
| 003 | GE_BSU | ||
| 005 | 20190510145509.0 | ||
| 008 | 181216s2003||||ge |||||||||||||| ||geo|| | ||
| 020 | _a9994023306 | ||
| 040 | _cGE_BSU | ||
| 041 | _ageo | ||
| 080 | _a316 ა–63 | ||
| 100 |
_aანდერსონი, ბენედიქტ _9952 |
||
| 245 |
_aწარმოსახვითი საზოგადოებანი = Imagined Communities: მოსაზრებანი ნაც. წარმოშობისა და გავრცელების შესახებ / _cბენედიქტ ანდერსონი ; ინგლ. თარგმნა : რუსუდან გოცირიძემ ; სამეც . რედ : ზურაბ დავითაშვილი. |
||
| 264 |
_aთბილისი .: _bენა და კულტურა, _c2003. |
||
| 300 |
_a306გვ . ; _c20სმ. |
||
| 440 |
_aსოციალურ მეცნიერებათა სერია _9955 |
||
| 653 | _aმოსაზრებანი ნაც. წარმოშობისა და გავრცელების შესახებ | ||
| 653 | _aწარმოსახვითი საზოგადოებანი | ||
| 653 | _aსოციოლოგია | ||
| 700 |
_aგოცირიძემ,რუსუდან _eმთარგმნელი _9953 |
||
| 700 |
_aდავითშვილი, ზურაბ _eსამეცნიერო რედაქტორი _9954 |
||
| 942 |
_cBK _2udc |
||